| 000 | 00677nam a22001937a 4500 | ||
|---|---|---|---|
| 003 | BD-DhUL | ||
| 005 | 20180208124247.0 | ||
| 008 | 180208s1960 ii |||| |||| 000 0 ben d | ||
| 040 |
_aBD-DhUL _cBD-DhUL |
||
| 082 |
_a891.44709 _bAJB |
||
| 100 | 1 | _aদত্ত, অজিত। | |
| 245 | 1 |
_aবাংলা সাহিত্যে হাস্যরস / _cঅজিত দত্ত। |
|
| 250 | _a১ম সং. | ||
| 260 |
_aকলিকাতা : _bজিজ্ঞাসা, _c১৯৬০। |
||
| 300 |
_a[১০], ৪৯৯ পৃ. ; _c২১ সেমি. |
||
| 650 | 4 | _aবাংলা হাস্যরস | |
| 650 | 4 | _aBengali humoras | |
| 942 |
_2ddc _cBK |
||
| 999 |
_c237914 _d237914 |
||